00399nam a2200157Ia 4500008004100000020001500041041001200056082001600068100001500084245006600099250000800165260002500173300000800198650001600206700001900222221030s9999 xx 000 0 und d a0070499403 aEnglish a105.23bPos aG. V. Post 0aManagement Information Systemscby G. V. Post, D. L. Anderson a3rd bTMHaNew Delhic2003 a618 aBE Computer aD. L. Anderson